000
00243nam a2200097Ia 4500
008
240625s9999 xx 000 0 und d
041
_a
eng
082
_a
808.20 PAN
100
_a
PANDEY ARUNESH
245
_a
REVIEW AND DOCUMENTATION OF VARIOUS COMM
999
_c
35880
_d
35880